000 00436nam a22001217a 4500
005 20260629112933.0
100 _aGhullam Murtaza
_a21-MSM-06
_aSupervisor - Dr. Kamran Nazir Memon
_91016
245 _aExact Solution of Tank Drainage for Newtonian and Power Law Fluid Through Rectangular Pipe (Thesis MS)
260 _aNawabshah
_bQUEST
_c2025
300 _a82p.
700 _aDepartment of Mathematics an Statistics
_91017
942 _cTHESIS
999 _c69075
_d69072